000 00540nam a2200169Ia 4500
005 20250508160020.0
008 008 250505s9999 xx 000 0 eng d
037 _aBooks to be hide in OPAC
040 _aFEDL
_beng
_cFEDL
041 _aeng
_2eng
084 _a378.42, LON/O
_qFEDL
245 0 _aFifth report of the commissioners
260 _aLondon, UK
_bHis Majesty's Stationery Office
_c1912
490 _aRoyal commisssion on university edcation in London
942 _cHB
_h378.42, LON/O
999 _c1361049
_d1361049